000 00476nam a2200193Ia 4500
005 20240823052854.0
008 240823s9999||||xx |||||||||||||| ||und||
020 _a978-81-321-1617-2
041 _aENGLISH
082 _A371.200973 Q4
100 _a"Swanson,Judy et al."
245 0 _aTeacher Leader Stories : The Power of Case Methods
250 _a1st
260 _c2014
_bSage Advant
500 _aYES
650 _aStory
_bGeneral
942 _cBK
999 _c222881
_d222881